Environment and development economics : (Record no. 19310)

000 -LEADER
fixed length control field 01457cam a2200277Ii 4500
020 ## - INTERNATIONAL STANDARD BOOK NUMBER
ISBN 0191757268 (ebook)
020 ## - INTERNATIONAL STANDARD BOOK NUMBER
ISBN 9780191757266 (ebook)
040 ## - CATALOGING SOURCE
Transcribing agency STF
082 04 - DEWEY DECIMAL CLASSIFICATION NUMBER
Classification number 333 XEP 2012 C164 Or.1
245 00 - TITLE STATEMENT
Title Environment and development economics :
Remainder of title essays in honour of Sir Partha Dasgupta /
300 ## - PHYSICAL DESCRIPTION
Number of Pages 1 online resource :
Other physical details illustrations (black and white), 1 map (black and white)
520 8# - SUMMARY, ETC.
Summary, etc This book honours Partha Dasgupta, and the field he helped establish; environment and development economics. It concerns the relationship between social systems and natural systems. Above all, it concerns the poverty-environment nexus: the complex pathways by which people become or remain poor, and resources become or remain overexploited
650 #0 - SUBJECT ADDED ENTRY--TOPICAL TERM
Topical Term Economic development
650 #0 - SUBJECT ADDED ENTRY--TOPICAL TERM
Topical Term Economics
650 #0 - SUBJECT ADDED ENTRY--TOPICAL TERM
Topical Term Environmental economics.
650 #0 - SUBJECT ADDED ENTRY--TOPICAL TERM
Topical Term Environmental policy
700 1# - ADDED ENTRY--PERSONAL NAME
Personal name Barrett, Scott
700 1# - ADDED ENTRY--PERSONAL NAME
Personal name Dasgupta, Partha,
700 1# - ADDED ENTRY--PERSONAL NAME
Personal name M©Þler, Karl-G©œran,
700 1# - ADDED ENTRY--PERSONAL NAME
Personal name Maskin, Eric,
710 2# - ADDED ENTRY--CORPORATE NAME
Corporate name or jurisdiction name as entry element Ohio Library and Information Network.
856 40 - ELECTRONIC LOCATION AND ACCESS
Uniform Resource Identifier http://rave.ohiolink.edu/ebooks/ebc/9780199677856
856 40 - ELECTRONIC LOCATION AND ACCESS
Uniform Resource Identifier https://oxford.universitypressscholarship.com/view/10.1093/acprof:oso/9780199677856.001.0001/acprof-9780199677856
856 40 - ELECTRONIC LOCATION AND ACCESS
Uniform Resource Identifier http://proxy.ohiolink.edu:9099/login?url=https://oxford.universitypressscholarship.com/view/10.1093/acprof:oso/9780199677856.001.0001/acprof-9780199677856
942 ## - ADDED ENTRY ELEMENTS (KOHA)
Koha item type ADB
952 ## - LOCATION AND ITEM INFORMATION (KOHA)
Withdrawn status [LOCAL, KOHA] 0
952 ## - LOCATION AND ITEM INFORMATION (KOHA)
Withdrawn status [LOCAL, KOHA] 0
952 ## - LOCATION AND ITEM INFORMATION (KOHA)
Withdrawn status [LOCAL, KOHA] 0
952 ## - LOCATION AND ITEM INFORMATION (KOHA)
Withdrawn status [LOCAL, KOHA] 0
952 ## - LOCATION AND ITEM INFORMATION (KOHA)
Withdrawn status [LOCAL, KOHA] 0
952 ## - LOCATION AND ITEM INFORMATION (KOHA)
Withdrawn status [LOCAL, KOHA] 0
952 ## - LOCATION AND ITEM INFORMATION (KOHA)
Withdrawn status [LOCAL, KOHA] 0
952 ## - LOCATION AND ITEM INFORMATION (KOHA)
Withdrawn status [LOCAL, KOHA] 0
952 ## - LOCATION AND ITEM INFORMATION (KOHA)
Withdrawn status [LOCAL, KOHA] 0
952 ## - LOCATION AND ITEM INFORMATION (KOHA)
Withdrawn status [LOCAL, KOHA] 0
952 ## - LOCATION AND ITEM INFORMATION (KOHA)
Withdrawn status [LOCAL, KOHA] 0
952 ## - LOCATION AND ITEM INFORMATION (KOHA)
Withdrawn status [LOCAL, KOHA] 0
952 ## - LOCATION AND ITEM INFORMATION (KOHA)
Withdrawn status [LOCAL, KOHA] 0
952 ## - LOCATION AND ITEM INFORMATION (KOHA)
Withdrawn status [LOCAL, KOHA] 0
952 ## - LOCATION AND ITEM INFORMATION (KOHA)
Withdrawn status [LOCAL, KOHA] 0
952 ## - LOCATION AND ITEM INFORMATION (KOHA)
Withdrawn status [LOCAL, KOHA] 0
952 ## - LOCATION AND ITEM INFORMATION (KOHA)
Withdrawn status [LOCAL, KOHA] 0
952 ## - LOCATION AND ITEM INFORMATION (KOHA)
Withdrawn status [LOCAL, KOHA] 0
952 ## - LOCATION AND ITEM INFORMATION (KOHA)
Withdrawn status [LOCAL, KOHA] 0
952 ## - LOCATION AND ITEM INFORMATION (KOHA)
Withdrawn status [LOCAL, KOHA] 0
952 ## - LOCATION AND ITEM INFORMATION (KOHA)
Withdrawn status [LOCAL, KOHA] 0
952 ## - LOCATION AND ITEM INFORMATION (KOHA)
Withdrawn status [LOCAL, KOHA] 0
952 ## - LOCATION AND ITEM INFORMATION (KOHA)
Withdrawn status [LOCAL, KOHA] 0
952 ## - LOCATION AND ITEM INFORMATION (KOHA)
Withdrawn status [LOCAL, KOHA] 0
952 ## - LOCATION AND ITEM INFORMATION (KOHA)
Withdrawn status [LOCAL, KOHA] 0
952 ## - LOCATION AND ITEM INFORMATION (KOHA)
Withdrawn status [LOCAL, KOHA] 0
952 ## - LOCATION AND ITEM INFORMATION (KOHA)
Withdrawn status [LOCAL, KOHA] 0
952 ## - LOCATION AND ITEM INFORMATION (KOHA)
Withdrawn status [LOCAL, KOHA] 0
952 ## - LOCATION AND ITEM INFORMATION (KOHA)
Withdrawn status [LOCAL, KOHA] 0
952 ## - LOCATION AND ITEM INFORMATION (KOHA)
Withdrawn status [LOCAL, KOHA] 0
952 ## - LOCATION AND ITEM INFORMATION (KOHA)
Withdrawn status [LOCAL, KOHA] 0
952 ## - LOCATION AND ITEM INFORMATION (KOHA)
Withdrawn status [LOCAL, KOHA] 0
952 ## - LOCATION AND ITEM INFORMATION (KOHA)
Withdrawn status [LOCAL, KOHA] 0
952 ## - LOCATION AND ITEM INFORMATION (KOHA)
Withdrawn status [LOCAL, KOHA] 0
952 ## - LOCATION AND ITEM INFORMATION (KOHA)
Withdrawn status [LOCAL, KOHA] 0
952 ## - LOCATION AND ITEM INFORMATION (KOHA)
Withdrawn status [LOCAL, KOHA] 0
952 ## - LOCATION AND ITEM INFORMATION (KOHA)
Withdrawn status [LOCAL, KOHA] 0
952 ## - LOCATION AND ITEM INFORMATION (KOHA)
Withdrawn status [LOCAL, KOHA] 0
952 ## - LOCATION AND ITEM INFORMATION (KOHA)
Withdrawn status [LOCAL, KOHA] 0
952 ## - LOCATION AND ITEM INFORMATION (KOHA)
Withdrawn status [LOCAL, KOHA] 0
952 ## - LOCATION AND ITEM INFORMATION (KOHA)
Withdrawn status [LOCAL, KOHA] 0
952 ## - LOCATION AND ITEM INFORMATION (KOHA)
Withdrawn status [LOCAL, KOHA] 0
952 ## - LOCATION AND ITEM INFORMATION (KOHA)
Withdrawn status [LOCAL, KOHA] 0
952 ## - LOCATION AND ITEM INFORMATION (KOHA)
Withdrawn status [LOCAL, KOHA] 0
952 ## - LOCATION AND ITEM INFORMATION (KOHA)
Withdrawn status [LOCAL, KOHA] 0
952 ## - LOCATION AND ITEM INFORMATION (KOHA)
Withdrawn status [LOCAL, KOHA] 0
952 ## - LOCATION AND ITEM INFORMATION (KOHA)
Withdrawn status [LOCAL, KOHA] 0
952 ## - LOCATION AND ITEM INFORMATION (KOHA)
Withdrawn status [LOCAL, KOHA] 0
952 ## - LOCATION AND ITEM INFORMATION (KOHA)
Withdrawn status [LOCAL, KOHA] 0
952 ## - LOCATION AND ITEM INFORMATION (KOHA)
Withdrawn status [LOCAL, KOHA] 0
Holdings
Source of acquisition Permanent Location Date acquired Koha item type Lost status Shelving location Current Location Full call number
A38879Library Block C2020-09-11សៀវភៅភាសាអង់គ្លេស C164Library Block C333 XEP 2012 C164 Or.1
A38494Library Block C2020-09-11សៀវភៅភាសាអង់គ្លេស C164Library Block C333 XEP 2012 C164 Or.1
A38639Library Block C2020-09-11សៀវភៅភាសាអង់គ្លេស C164Library Block C333 XEP 2012 C164 Or.1
a39091Library Block C2020-09-11សៀវភៅភាសាអង់គ្លេស C164Library Block C333 XEP 2012 C164 Or.1
A38931Library Block C2020-09-11ឯកសារយោង C164Library Block C333 XEP 2012 C164 Or.1
A38882Library Block C2020-09-11សៀវភៅភាសាអង់គ្លេស C164Library Block C333 XEP 2012 C164 Or.1
A38787Library Block C2020-09-11សៀវភៅភាសាអង់គ្លេស C164Library Block C333 XEP 2012 C164 Or.1
A38243Library Block C2020-09-11សៀវភៅភាសាអង់គ្លេស C164Library Block C333 XEP 2012 C164 Or.1
A38393Library Block C2020-09-11សៀវភៅភាសាអង់គ្លេស C164Library Block C333 XEP 2012 C164 Or.1
A39076Library Block C2020-09-11សៀវភៅភាសាអង់គ្លេស C164Library Block C333 XEP 2012 C164 Or.1
A38796Library Block C2020-09-11សៀវភៅភាសាអង់គ្លេស C164Library Block C333 XEP 2012 C164 Or.1
A38951Library Block C2020-09-11សៀវភៅភាសាអង់គ្លេស C164Library Block C333 XEP 2012 C164 Or.1
A38801Library Block C2020-09-11សៀវភៅភាសាអង់គ្លេស C164Library Block C333 XEP 2012 C164 Or.1
A39051Library Block C2020-09-11សៀវភៅភាសាអង់គ្លេស C164Library Block C333 XEP 2012 C164 Or.1
A38299Library Block C2020-09-11សៀវភៅភាសាអង់គ្លេស C164Library Block C333 XEP 2012 C164 Or.1
A38543Library Block C2020-09-11សៀវភៅភាសាអង់គ្លេស C164Library Block C333 XEP 2012 C164 Or.1
A38618Library Block C2020-09-11សៀវភៅភាសាអង់គ្លេស C164Library Block C333 XEP 2012 C164 Or.1
A38634Library Block C2020-09-11សៀវភៅភាសាអង់គ្លេស C164Library Block C333 XEP 2012 C164 Or.1
A38679Library Block C2020-09-11សៀវភៅភាសាអង់គ្លេស C164Library Block C333 XEP 2012 C164 Or.1
A38318Library Block C2020-09-11សៀវភៅភាសាអង់គ្លេស C164Library Block C333 XEP 2012 C164 Or.1
A39036Library Block C2020-09-11សៀវភៅភាសាអង់គ្លេស C164Library Block C333 XEP 2012 C164 Or.1
A39026Library Block C2020-09-11សៀវភៅភាសាអង់គ្លេស C164Library Block C333 XEP 2012 C164 Or.1
A38559Library Block C2020-09-11សៀវភៅភាសាអង់គ្លេស C164Library Block C333 XEP 2012 C164 Or.1
A38684Library Block C2020-09-11សៀវភៅភាសាអង់គ្លេស C164Library Block C333 XEP 2012 C164 Or.1
A38609Library Block C2020-09-11សៀវភៅភាសាអង់គ្លេស C164Library Block C333 XEP 2012 C164 Or.1
A39589Library Block C2020-09-11សៀវភៅភាសាអង់គ្លេស C164Library Block C333 XEP 2012 C164 Or.1
A38333Library Block C2020-09-11សៀវភៅភាសាអង់គ្លេស C164Library Block C333 XEP 2012 C164 Or.1
A38258Library Block C2020-09-11សៀវភៅភាសាអង់គ្លេស C164Library Block C333 XEP 2012 C164 Or.1
A38614Library Block C2020-09-11សៀវភៅភាសាអង់គ្លេស C164Library Block C333 XEP 2012 C164 Or.1
A38539Library Block C2020-09-11សៀវភៅភាសាអង់គ្លេស C164Library Block C333 XEP 2012 C164 Or.1
A39170Library Block C2020-09-11សៀវភៅភាសាអង់គ្លេស C164Library Block C333 XEP 2012 C164 Or.1
A38374Library Block C2020-09-11សៀវភៅភាសាអង់គ្លេស C164Library Block C333 XEP 2012 C164 Or.1
A38339Library Block C2020-09-11សៀវភៅភាសាអង់គ្លេស C164Library Block C333 XEP 2012 C164 Or.1
A39147Library Block C2020-09-11សៀវភៅភាសាអង់គ្លេស C164Library Block C333 XEP 2012 C164 Or.1
A39222Library Block C2020-09-11សៀវភៅភាសាអង់គ្លេស C164Library Block C333 XEP 2012 C164 Or.1
A38554Library Block C2020-09-11សៀវភៅភាសាអង់គ្លេស C164Library Block C333 XEP 2012 C164 Or.1
A38479Library Block C2020-09-11សៀវភៅភាសាអង់គ្លេស  Library Block C333 XEP 2012 C164 Or.1
A38564Library Block C2020-09-11សៀវភៅភាសាអង់គ្លេស C164Library Block C333 XEP 2012 C164 Or.1
A38269Library Block C2020-09-11សៀវភៅភាសាអង់គ្លេស C164Library Block C333 XEP 2012 C164 Or.1
A38344Library Block C2020-09-11សៀវភៅភាសាអង់គ្លេស C164Library Block C333 XEP 2012 C164 Or.1
a39246Library Block C2020-09-11សៀវភៅភាសាអង់គ្លេស C164Library Block C333 XEP 2012 C164 Or.1
A38419Library Block C2020-09-22សៀវភៅភាសាអង់គ្លេស C164Library Block C333 XEP 2012 C164 Or.1
A38976Library Block C2020-09-22សៀវភៅភាសាអង់គ្លេស C164Library Block C333 XEP 2012 C164 Or.1
A38544Library Block C2020-09-22សៀវភៅភាសាអង់គ្លេស C164Library Block C333 XEP 2012 C164 Or.1
A38857Library Block C2020-09-22សៀវភៅភាសាអង់គ្លេស C164Library Block C333 XEP 2012 C164 Or.1
A39231Library Block C2020-09-22សៀវភៅភាសាអង់គ្លេស C164Library Block C333 XEP 2012 C164 Or.1
A38268Library Block C2020-09-22សៀវភៅភាសាអង់គ្លេស C164Library Block C333 XEP 2012 C164 Or.1
A39226Library Block C2020-09-22សៀវភៅភាសាអង់គ្លេស C164Library Block C333 XEP 2012 C164 Or.1
A38961Library Block C2020-09-22សៀវភៅភាសាអង់គ្លេស C164Library Block C333 XEP 2012 C164 Or.1
A38338Library Block C2020-09-22សៀវភៅភាសាអង់គ្លេស C164Library Block C333 XEP 2012 C164 Or.1
មជ្ឈមណ្ឌលឯការនៃសាកលវិទ្យាល័យភូមិន្ទកសិកម្មចំការដូង

Powered by Koha